000 00714nam a2200265Ia 4500
005 20260302114016.0
008 008 260114s9999 xx 000 0 eng d
020 _a9781978724280
037 _aTextbook
040 _aCRL
040 _beng
040 _cCRL
041 _2eng
041 _aeng
084 _qCRL
100 _aMin Wang
_91117487
245 0 _aMultimodalities and Chinese Students’ L2 Practices Positioning, Agency, and Community
260 _bBloomsbury
260 _bLexington Books
260 _c2020
650 _aLinguistics
856 _uhttps://doi.org/10.5040/9781978724280?locatt=label:secondary_bloomsburyCollections
942 _cEBOOK
999 _c1681017
_d1681017